| 000 | 00347nam a22001457a 4500 | ||
|---|---|---|---|
| 999 |
_c8100 _d8100 |
||
| 003 | OSt | ||
| 005 | 20200803155207.0 | ||
| 008 | 200803b ||||| |||| 00| 0 eng d | ||
| 020 | _a9781844061273 | ||
| 082 |
_a719.32 _bFOR |
||
| 100 | _a Forty, Sandra | ||
| 245 | _aWonders of the world | ||
| 260 |
_aUK _bTaj Books Ltd _c July 30, 2009 |
||
| 942 | _2ddc | ||